Annals of the IGY (Record no. 2705)

MARC details
000 -LEADER
fixed length control field 00574nam a2200181Ia 4500
003 - CONTROL NUMBER IDENTIFIER
control field IN-BaIIA
005 - DATE AND TIME OF LATEST TRANSACTION
control field 20250702143146.0
008 - FIXED-LENGTH DATA ELEMENTS--GENERAL INFORMATION
fixed length control field 211028s9999 xx 000 0 eng d
040 ## - CATALOGING SOURCE
Transcribing agency IIA Library
080 ## - UNIVERSAL DECIMAL CLASSIFICATION NUMBER
Universal Decimal Classification number 523.745
Item number ELL-22
245 #0 - TITLE STATEMENT
Title Annals of the IGY
Remainder of title vol. XXII, solar activity maps D2
Statement of responsibility, etc. edited by M. A. Ellison
260 ## - PUBLICATION, DISTRIBUTION, ETC.
Place of publication, distribution, etc. London
Name of publisher, distributor, etc. Pergamon Press
Date of publication, distribution, etc. 1962
650 ## - SUBJECT ADDED ENTRY--TOPICAL TERM
Topical term or geographic name entry element International Geophysical Year
9 (RLIN) 4846
650 ## - SUBJECT ADDED ENTRY--TOPICAL TERM
Topical term or geographic name entry element Map
650 ## - SUBJECT ADDED ENTRY--TOPICAL TERM
Topical term or geographic name entry element Solar-activity
9 (RLIN) 1424
700 ## - ADDED ENTRY--PERSONAL NAME
Personal name Ellison, M. A, ed..
9 (RLIN) 4847
942 ## - ADDED ENTRY ELEMENTS (KOHA)
Koha item type Books
Source of classification or shelving scheme Dewey Decimal Classification
Holdings
Withdrawn status Lost status Source of classification or shelving scheme Damaged status Not for loan Home library Current library Shelving location Date acquired Cost, normal purchase price Total Checkouts Full call number Barcode Date last seen Cost, replacement price Price effective from Koha item type Purchase Price
    Dewey Decimal Classification     IIA Library-Bangalore IIA Library-Kodaikanal General Stacks 25/02/1967 1138.00   523.745/ ELL-22 3018 05/11/2021 1138.00 25/02/1967 Books Rs. 1138.00

Powered by Koha